00286pab a2200121 454500008004000000100001600040245004900056260000900105300001000114362000800124650001400132773001800146180718b1996 xxu||||| |||| 00| 0 eng d aAziz, Abdul aAn outline of the contours of panchayati raj c1996 ap.3-6 aMar aPanchayat aSocial Change